| 000 | 00524nam a2200145Ia 4500 | ||
|---|---|---|---|
| 008 | 170224s9999 xx 000 0 und d | ||
| 100 | _aSukhbinder S. Barn | ||
| 245 | _a‘Tweet dreams are made of this, who are we to disagree?’ Adventures in a #Brave New World of #tweets, #Twitter, #student engagement and #excitement with #learning | ||
| 245 | _cSukhbinder S. Barn | ||
| 260 | _bJournal of Marketing Management | ||
| 260 | _c2016 | ||
| 300 | _a32:9-10,Pages: 965-986 | ||
| 500 | _aAugust | ||
| 650 | _xMarketing. | ||
| 999 |
_c315929 _d315929 |
||